000 00395nam a22001697a 4500
005 20160627144809.0
008 160627b xxu||||| |||| 00| 0 eng d
020 _a0-14-303176-7
041 _aeng
082 _b10495
100 _aLose, Richard
_92950
245 _aBlue in the colour of heaven
260 _bPenguin India
_c2002
300 _a240
650 _aManagement
_9241
942 _cBK
999 _c4264
_d4263